No quiero dormir! (Registro nro. 35465)
[ vista simple ]
| 000 -CABECERA | |
|---|---|
| Longitud fija campo de control | 00633nam a22002177b 4500 |
| 003 - • IDENTIFICADOR DELl NÚMERO DE CONTROL | |
| Identificador del número de control | CO-ViMGA |
| 005 - • FECHA Y HORA DE LA ÚLTIMA TRANSACCIÓN | |
| Fecha y hora de la última transacción | 20230915233130.0 |
| 008 - • CÓDIGOS DE INFORMACIÓN DE LONGITUD FIJA | |
| Códigos de información de longitud fija | 050525s2004 sp | ||| ||spa |
| 020 ## - • NÚMERO INTERNACIONAL NORMALIZADO PARA LIBROS | |
| Número Internacional Normalizado para Libros (ISBN) | 8478648429 |
| 040 ## - FUENTE DE LA CATALOGACIÓN | |
| Centro catalogador de origen | CO-ViMGA |
| Lengua de catalogación | spa |
| Centro transcriptor | CO-ViMGA |
| 100 1# - • PUNTO DE ACCESO PRINCIPAL-NOMBRE DE PERSONA | |
| Nombre de persona | Rius, Roser |
| Fechas asociadas al nombre | 1947- |
| 240 10 - • TÍTULO UNIFORME | |
| Título uniforme | <a href="No vull anar a dormir!">No vull anar a dormir!</a> |
| 245 11 - • TITULO PROPIAMENTE DICHO | |
| Título | No quiero dormir! |
| Medio | [Texto impreso] |
| Mención de responsabilidad, etc. | Roser Rius |
| 300 ## - • DESCRIPCIÓN FÍSICA | |
| Extensión | [16] p. |
| Otras características físicas | principalmente il. col. |
| Dimensiones | 20 cm |
| 490 1# - • MENCIÓN DE SERIE | |
| Mención de serie | Colección Cucú |
| 650 14 - • PUNTO DE ACCESO ADICIONAL DE MATERIA - TÉRMINO DE MATERIA | |
| Término de materia o nombre geográfico como elemento inicial | Cuentos infantiles españoles |
| 942 ## - ENTRADA DE ELEMENTOS AGREGADOS (KOHA) | |
| Fuente de clasificaión o esquema | Dewey Decimal Classification |
| Koha [por defecto] tipo de item | LIbro |
| Perdido | Fuente de clasificación o esquema | Estado Físico | No para préstamo | Forma de adquisición | Localización permanente | Localización actual | Fecha adquisición | Préstamos totales | Signatura completa | Código de barras | Fecha última consulta | Fecha último préstamo | Número de copia | Fecha del precio de reemplazo | Tipo de item de Koha |
|---|---|---|---|---|---|---|---|---|---|---|---|---|---|---|---|
| Dewey Decimal Classification | Sala Infantil Segundo Piso | Biblioteca Pública Germán Arciniegas - Villavicencio | Biblioteca Pública Germán Arciniegas - Villavicencio | 04/28/2016 | 1 | C RIUd | 30000 | 04/09/2019 | 04/05/2019 | Ej. 1 | 04/28/2016 | LIbro |